000 00512nam a22001817a 4500
003 OSt
005 20220107122835.0
008 171129b xxu||||| |||| 00| 0 eng d
040 _cIIITMK
100 _aSandhya Rajan, S(1560010)
_913457
245 _aJob status tracking system (JSTS) for printing department
300 _aPGDEG-Main project
502 _bPGDEG
_c2015-2016
_dINT
_eAjith kumar R
650 _aJSTS
_913458
650 _aPRINTING
_913459
700 _aSonia, S (15650013)
_913460
942 _2ddc
_cPR
999 _c5943
_d5943